A short history of music
Sparad:
| Huvudupphovsman: | |
|---|---|
| Materialtyp: | Bok |
| Språk: | engelska |
| Publicerad: |
Londres
Cassell
1954
|
| Upplaga: | 4a. ed |
| Ämnen: | |
| Taggar: |
Lägg till en tagg
Inga taggar, Lägg till första taggen!
|
MARC
| LEADER | 00000nam a2200000 a 4500 | ||
|---|---|---|---|
| 001 | UCN2438 | ||
| 003 | CL-VaPUC | ||
| 008 | 010518e19540000UK |||||||||||||||||eng|d | ||
| 082 | 0 | 4 | |a 780.9 |b EIN |2 21 |
| 100 | 0 | |a Einstein, Alfred |e author |9 458317 | |
| 245 | 1 | 2 | |a A short history of music |
| 250 | |a 4a. ed | ||
| 300 | |a 205 p | ||
| 942 | |c BK | ||
| 945 | |d 20010518 00:00:00 |a crobeson | ||
| 260 | |a Londres |b Cassell |c 1954 | ||
| 650 | 7 | |a MUSICA HISTORIA |2 CL-VaPUC |9 306301 | |
| 650 | 0 | |a Música antigua |9 391245 | |
| 650 | 0 | |a Música medieval |9 391244 | |
| 650 | 0 | |a Canto gregoriano |9 332477 | |
| 650 | 7 | |a MUSICA MODERNA |2 CL-VaPUC |9 458318 | |
| 650 | 0 | |a Música renacentista |9 391249 | |
| 650 | 7 | |a CLASICISMO EN LA MUSICA |2 CL-VaPUC |9 458319 | |
| 650 | 0 | |a Romanticismo en la música |9 306753 | |
| 583 | |a last modification |c 20010518 00:00:00 |k Rodrigo Vera | ||
| 999 | |c 295539 |d 295537 | ||